| 000 | 00626nam a22001937a 4500 | ||
|---|---|---|---|
| 003 | MX-MxUPN | ||
| 005 | 20260527141327.0 | ||
| 008 | 260527s1992 mx| ||||r|||| 000 0 spa d | ||
| 040 |
_aMX-MxUPN _bspa |
||
| 041 | 0 | _aspa | |
| 050 | 4 |
_aLA692 _bP47 1992 |
|
| 245 | 0 | 0 | _aPerfil educativo de la República de Francia |
| 260 |
_aMéxico, D.F. : _bSecretaría de Educación Pública, Dirección General de Relaciones Internacionales, _c1992 |
||
| 300 | _a8 hojas | ||
| 500 | _aFecha de publicación tomada de la cubierta. | ||
| 650 | 4 |
_aEducación _zFrancia _911558 |
|
| 902 | _aVíctorGodínez/270526 | ||
| 942 |
_2lcc _cFOLL |
||
| 999 |
_c215227 _d215227 |
||